000 00317 a2200121 4500
003 Nust
005 20170207154601.0
040 _cNust
082 _a025.34
245 _aFollow through / students: Units : 1-4, side 1: units: 5-8(3) side 2
505 _aAlmirah No.73 shelf No.6
650 _aEnglish learning
651 _aFollow through students
999 _c198579
_d198579